| 000 | 00436cam a2200169ua 4500 | ||
|---|---|---|---|
| 003 | OSt | ||
| 008 | 221102b |||||||| |||| 00| 0 eng d | ||
| 041 | _aeng | ||
| 082 |
_a304.2 _bBAT/MA |
||
| 100 |
_aBates, Marston . _95286 |
||
| 245 | _aMan in nature / | ||
| 250 | _a1 / | ||
| 260 |
_aNew Delhi : _bPrentice Hall of India Pvt Ltd. , _c1963. |
||
| 300 | _a116 ; . | ||
| 490 | 0 | _aFoundations of modern biology series, | |
| 942 | _cBK | ||
| 999 |
_c1449 _d1449 |
||